Представление документа в формате RUSMARC

ПолеНазваниеЗначение
  Тип записи a
  Библиографический уровень m
001 Контрольный номер 6a7febbe0e5749119205d4063ead163f
005 Дата корректировки 20150702135139.2
010 Индекс ISBN __
a ISBN 978-5-9916-4834-9
d Цена 429,0 руб.
9 Тираж 200 экз.
101 Язык документа 0_
a Язык текста rus
102 Страна публикации __
a Страна публикации RU
200 Заглавие и сведения об ответственности 1_
a Заглавие Мировая экономика и международные экономические отношения
b Общее обозначение материала Текст
205 Сведения об издании __
a Основные сведения об издании учебник для академического бакалавриата
210 Выходные данные 1_
a Место издания М.:
c Издательство Издательство Юрайт
d Дата издания 2015 г.
215 Физическое описание __
a Объем 446 с.
d Формат 84x108 1/32
225 Серия 2_
a Серия Бакалавр. Академический курс.
330 Аннотация __
a Аннотация Учебник подготовлен в соответствии с актуальными требованиями Федерального государственного образовательного стандарта высшего образования. В новом, значительно актуализированном издании рассматриваются важнейшие теоретические и практические аспекты мировой экономики и международных экономических отношений - системы разнообразных хозяйственных (научно-технических, производственных, коммерческих, валютно-финансовых и кредитно-денежных связей) региональных и национальных экономических систем разных стран, основанных на международном разделении труда. Назначение учебника - помочь усвоить теоретические основы, принципы и особенности развития современной мировой экономики и международных отношений в условиях региональной интеграции, транснационализации и глобализации хозяйственной деятельности и тем самым содействовать более качественные и эффективные решения в практической работе. Для студентов вузов, обучающихся по направлениям "Экономика" и "Менеджмент", и преподавателей вузов экономического и управленческого профилей.
686 Индексы других классификаций __
a Классификационный индекс 65.5я73
700 Автор _1
a Фамилия Щенин Р.К., Поляков В.В., Аникин О.Б. [и др.]
701 Альтернативная интеллектуальная ответственность _1
a Фамилия Щенина Р.К., Полякова В.В.
e Роль лиц Редактор
801 Источник записи _0
a Страна RU
b Организация РУК
c Дата составления 02.07.2015 г.
g Правила каталогизации PSBO
801 Источник записи _1
a Страна RU
b Организация РУК
g Правила каталогизации PSBO
901 Тип документа __
t Тип документа m
937 Технологическая информация __
a Создатель записи (имя) Левоско
952 Тип литературы __
b Гриф литературы для ВШ гриф УМО
c Вид литературы учебник